000 00702nam a2200217Ii 4500
003 JO-AjNU
008 230605s9999||||xx |||||||||||||| ||und||
017 _a2010/8/1922
040 _aJO-AjNU
_bara
_erda
_cJO-AjNU
041 _aara
050 1 4 _aDS39.F3353.2011
100 3 _aتاليف الفاعوري، ابراهيم,
_eauthor
_960946
245 0 0 _aتاريخ العرب والوطن العربي
250 _aط1
264 3 1 _aعمان: دار الحامد للنشر والتوزيع، 2011
300 _a402ص
336 _atext
_btxt
_2rdacontent
337 _aunmediated
_bn
_2rdamedia
338 _avolume
_bnc
_2rdacarrier
650 4 _a الوطن العربي- تاريخ
_960947
999 _aA27519
_c31087
_d31087